[Event "Novosibirsk Sukharev Memorial op"]
[Site "Novosibirsk"]
[Date "2012.07.20"]
[Round "3"]
[White "Severinov, Alexander"]
[Black "Zinoviev, Sergey"]
[Result "1-0"]
[WhiteElo "2028"]
[BlackElo "2118"]
[PlyCount "138"]
[EventDate "2012.07.18"]
[EventType "swiss"]
[EventRounds "9"]
[EventCountry "RUS"]
[SourceTitle "EXT 2013"]
[Source "ChessBase"]
[SourceDate "2012.11.22"]
[SourceVersion "1"]
[SourceVersionDate "2012.11.22"]
[SourceQuality "1"]

1. d4 Nf6 2. c4 e6 3. Nf3 b6 4. g3 Bb7 5. Bg2 Be7 6. 0-0 0-0 7. Nc3 Ne4 8. d5 Nxc3 9. bxc3 Bf6 10. Qb3 exd5 11. cxd5 c5 12. e4 Re8 13. Re1 d6 14. h4 Nd7 15. Bf4 c4 16. Qc2 Nc5 17. Bf1 b5 18. Rad1 Qb6 19. Be3 Rac8 20. Bd4 Qd8 21. Bh3 Rc7 22. Bxc5 Rxc5 23. Nd4 g6 24. Rb1 a6 25. a4 Bc8 26. Bxc8 Qxc8 27. Nc6 Qg4 28. axb5 axb5 29. Kh2 h5 30. Re3 Kg7 31. f3 Qc8 32. f4 Rxd5 33. Nb4 Rc5 34. Rd1 Re6 35. Nd5 Rc6 36. Rb1 Qa6 37. Nb4 Qa7 38. Ree1 Rc8 39. Nd5 Qa4 40. Qd2 Qa5 41. Ra1 Qd8 42. Qc2 Qe8 43. Ra7 Bd8 44. Ra6 Rc6 45. Ra7 Rc5 46. Nb4 Rc7 47. Ra6 Rce7 48. Kh3 Rxe4 49. Rxe4 Rxe4 50. Rxd6 Re2 51. Rxd8 Qe6+ 52. f5 gxf5 53. Rd6 Qe5 54. Qd1 Qe4 55. Qd4+ Qxd4 56. Rxd4 Re3 57. Nd5 Re1 58. Rd2 Re5 59. Nc7 Rc5 60. Na6 Rc6 61. Nb4 Rc5 62. Rd6 f6 63. Nd5 Rc8 64. Rd7+ Kf8 65. Nb6 b4 66. cxb4 c3 67. Rd1 Rc4 68. Rc1 f4 69. gxf4 Rxf4 1-0

[Event "Novosibirsk Sukharev Memorial op"]
[Site "Novosibirsk"]
[Date "2012.07.19"]
[Round "2"]
[White "Sukhanov, Dmitry"]
[Black "Severinov, Alexander"]
[Result "1/2-1/2"]
[WhiteElo "2163"]
[BlackElo "2028"]
[PlyCount "117"]
[EventDate "2012.07.18"]
[EventType "swiss"]
[EventRounds "9"]
[EventCountry "RUS"]
[SourceTitle "EXT 2013"]
[Source "ChessBase"]
[SourceDate "2012.11.22"]
[SourceVersion "1"]
[SourceVersionDate "2012.11.22"]
[SourceQuality "1"]

1. e4 c5 2. Nf3 d6 3. Bb5+ Bd7 4. a4 Nf6 5. Nc3 g6 6. e5 dxe5 7. Nxe5 Bxb5 8. axb5 Nbd7 9. Nxd7 Qxd7 10. 0-0 Bg7 11. d3 0-0 12. Qf3 e6 13. Qf4 Nd5 14. Qc4 b6 15. Bd2 Nb4 16. Na4 Rac8 17. Rfc1 Qe7 18. Nc3 Rfd8 19. Be3 Bd4 20. Nd1 Rc7 21. h3 Rcd7 22. Ra4 Qf6 23. Qb3 e5 24. Bd2 e4 25. Bxb4 cxb4 26. dxe4 Bc5 27. Ne3 Bxe3 28. Qxe3 Qxb2 29. Raa1 Qe5 30. Qe2 Rd2 31. Qe3 R8d4 32. Re1 Rd7 33. Rxa7 Qxb5 34. Rxd7 Rxd7 35. e5 Qc5 36. Qb3 Qc3 37. Re3 Rd1+ 38. Kh2 Qxb3 39. cxb3 Rd4 40. Kg3 Kf8 41. f4 Ke7 42. Kf3 Rd2 43. g3 b5 44. Ke4 Rc2 45. Kd4 Rc6 46. Rd3 Rc2 47. g4 h6 48. Kd5 Rc3 49. Kd4 Rc2 50. f5 Rc1 51. Ke4 Re1+ 52. Kd5 gxf5 53. gxf5 f6 54. exf6+ Kxf6 55. Kc5 Kxf5 56. Kxb5 Re4 57. Rd6 Kg5 58. Rc6 h5 59. Rd6 1/2-1/2

[Event "Novosibirsk Sukharev Memorial op"]
[Site "Novosibirsk"]
[Date "2010.07.18"]
[Round "1"]
[White "Yakushev, Nikolai"]
[Black "Severinov, Alexander"]
[Result "1-0"]
[WhiteElo "2218"]
[BlackElo "1942"]
[PlyCount "109"]
[EventDate "2010.07.18"]
[EventType "swiss"]
[EventRounds "9"]
[EventCountry "RUS"]
[SourceTitle "EXT 2011"]
[Source "ChessBase"]
[SourceDate "2010.11.26"]
[SourceVersion "1"]
[SourceVersionDate "2010.11.26"]
[SourceQuality "1"]

1. d4 Nf6 2. Nf3 g6 3. Nc3 d5 4. Bf4 Bg7 5. e3 0-0 6. h3 Nbd7 7. Be2 c5 8. 0-0 a6 9. Ne5 c4 10. Bf3 e6 11. a4 Nxe5 12. Bxe5 Bd7 13. a5 Re8 14. Qe2 Bc6 15. Rfd1 Bf8 16. Ra2 Nd7 17. Bg3 Bb4 18. Rda1 Qc8 19. e4 Nf6 20. e5 Nd7 21. Qe3 b6 22. axb6 Nxb6 23. Ne2 a5 24. Bh4 Qd7 25. Ng3 Be7 26. Bxe7 Qxe7 27. Qh6 a4 28. Nf1 f5 29. exf6 Qxf6 30. c3 Nd7 31. Ne3 Rac8 32. Re1 Qf7 33. Ng4 Qf5 34. Qe3 Kh8 35. Nh6 Qf6 36. Bd1 Ra8 37. Bc2 Ra7 38. Ng4 Qg7 39. Qg3 Qe7 40. Re3 Nf6 41. Ne5 Qb7 42. Qg5 Ne4 43. Qh4 Kg8 44. Re2 Nd6 45. Qg3 Nf5 46. Qg5 Bb5 47. Ng4 Re7 48. Ra1 Nxd4 49. cxd4 c3 50. Re3 cxb2 51. Rae1 a3 52. Bxg6 a2 53. Nh6+ Kh8 54. Qf6+ Rg7 55. Qf8+ 1-0

[Event "Berdsk Maestro op 16th"]
[Site "Berdsk"]
[Date "2010.07.15"]
[Round "8"]
[White "Dolgov, Alexander"]
[Black "Severinov, Alexander"]
[Result "1-0"]
[WhiteElo "2073"]
[BlackElo "1942"]
[PlyCount "59"]
[EventDate "2010.07.08"]
[EventType "swiss"]
[EventRounds "9"]
[EventCountry "RUS"]
[SourceTitle "EXT 2011"]
[Source "ChessBase"]
[SourceDate "2010.11.26"]
[SourceVersion "1"]
[SourceVersionDate "2010.11.26"]
[SourceQuality "1"]

1. e4 c5 2. Nf3 d6 3. c3 Nf6 4. e5 dxe5 5. Nxe5 e6 6. Bb5+ Nbd7 7. d4 Bd6 8. Bf4 Qc7 9. Na3 Nd5 10. Nxd7 Bxd7 11. Bxd6 Qxd6 12. dxc5 Qxc5 13. Qe2 Qc7 14. Rd1 Bc6 15. Rxd5 0-0 16. Rg5 Bxb5 17. Nxb5 Qf4 18. Qe3 Qa4 19. Qd4 Qxd4 20. cxd4 f6 21. Rg3 a6 22. Nd6 b6 23. Ke2 e5 24. b3 Rfd8 25. dxe5 fxe5 26. Rd1 Kf8 27. Re3 Rd7 28. Nc4 Rxd1 29. Kxd1 Ke7 30. Rxe5+ 1-0

[Event "Novosibirsk Sukharev Memorial op"]
[Site "Novosibirsk"]
[Date "2009.08.19"]
[Round "2"]
[White "Kuzmin, Nikolai"]
[Black "Severinov, Alexander"]
[Result "1-0"]
[WhiteElo "2103"]
[BlackElo "1831"]
[PlyCount "109"]
[EventDate "2009.07.18"]
[EventType "swiss"]
[EventRounds "9"]
[EventCountry "RUS"]
[SourceTitle "CBM 131 Extra"]
[Source "ChessBase"]
[SourceDate "2009.09.03"]
[SourceVersion "2"]
[SourceVersionDate "2009.09.16"]
[SourceQuality "1"]

1. e4 c5 2. c3 d5 3. exd5 Qxd5 4. d4 Nf6 5. Nf3 Bg4 6. dxc5 Qxc5 7. Na3 a6 8. Be3 Qc7 9. h3 Bh5 10. Qa4+ Nbd7 11. Bf4 Qc8 12. g4 b5 13. Qd4 Bg6 14. Ne5 Be4 15. Rg1 Bb7 16. 0-0-0 e6 17. Nxb5 axb5 18. Bxb5 Bd5 19. g5 Bc5 20. gxf6 Bxd4 21. Bxd7+ Qxd7 22. Nxd7 Bxf6 23. Nb6 Rxa2 24. Nxd5 exd5 25. Rge1+ Kd7 26. Rxd5+ Kc6 27. Rd6+ Kc5 28. Red1 Rc8 29. Be3+ Kc4 30. Kb1 Ra5 31. Kc2 Ra2 32. Bd4 Rb8 33. Rb1 Be7 34. Rc6+ Kd5 35. Rb6 Rxb6 36. Bxb6 Kc4 37. Bd4 g6 38. Rd1 Ba3 39. Rb1 Be7 40. Be3 Bf6 41. Bd2 Bh4 42. f4 Ra6 43. Be1 Be7 44. b3+ Kb5 45. c4+ Kc5 46. Bc3 Bd6 47. Rf1 f5 48. Kd3 Ra3 49. b4+ Kc6 50. c5 Bf8 51. Kc4 Ra2 52. b5+ Kb7 53. Ra1 Re2 54. c6+ Kb8 55. Be5+ 1-0

[Event "Berdsk Maestro op 15th"]
[Site "Berdsk"]
[Date "2009.07.12"]
[Round "5"]
[White "Egorov, Andrey"]
[Black "Severinov, Alexander"]
[Result "1-0"]
[WhiteElo "2124"]
[BlackElo "1831"]
[PlyCount "103"]
[EventDate "2009.07.08"]
[EventType "swiss"]
[EventRounds "9"]
[EventCountry "RUS"]
[SourceTitle "EXT 2022"]
[Source "ChessBase"]
[SourceDate "2021.10.06"]
[SourceVersion "1"]
[SourceVersionDate "2021.10.06"]
[SourceQuality "1"]

1. e4 c5 2. Nf3 d6 3. d4 cxd4 4. Qxd4 Nc6 5. Bb5 Bd7 6. Bxc6 Bxc6 7. Nc3 Nf6 8. Bg5 e6 9. 0-0-0 Be7 10. Rhe1 Qc7 11. Qd2 0-0-0 12. Nd4 h6 13. Bh4 a6 14. f3 g5 15. Bf2 Nd7 16. Nxc6 Qxc6 17. Nd5 Bf8 18. Nb4 Qc7 19. Bd4 Rg8 20. Re3 Nc5 21. Rc3 Be7 22. Nd3 Kb8 23. e5 b6 24. Qe3 Rc8 25. b4 Nxd3+ 26. Rdxd3 Qd7 27. Bxb6 d5 28. Bc5 Bxc5 29. Rxc5 Rxc5 30. Qxc5 Rc8 31. Qb6+ Qb7 32. Qxb7+ Kxb7 33. Kd2 Rc4 34. c3 Kb6 35. a4 a5 36. Rd4 Rxd4+ 37. cxd4 axb4 38. Kc2 h5 39. Kb3 Ka5 40. g4 hxg4 41. fxg4 Ka6 42. Kxb4 Kb6 43. a5+ Ka6 44. h3 Ka7 45. Kc5 Ka6 46. Kd6 Kxa5 47. Ke7 Kb4 48. Kxf7 Kc4 49. Kxe6 Kxd4 50. Kf6 Kc5 51. e6 d4 52. e7 1-0

[Event "Naukograd Koltsovo op"]
[Site "Novosibirsk"]
[Date "2009.07.04"]
[Round "7"]
[White "Parkhomenko, Alexander"]
[Black "Severinov, Alexander"]
[Result "0-1"]
[WhiteElo "1967"]
[BlackElo "1831"]
[PlyCount "72"]
[EventDate "2009.06.28"]
[EventType "swiss"]
[EventRounds "9"]
[EventCountry "RUS"]
[SourceTitle "EXT 2021"]
[Source "ChessBase"]
[SourceDate "2020.10.23"]
[SourceVersion "1"]
[SourceVersionDate "2020.10.23"]
[SourceQuality "1"]

1. e4 c5 2. c3 d5 3. exd5 Qxd5 4. d4 Nf6 5. Nf3 Bg4 6. Be2 e6 7. h3 Bh5 8. 0-0 Be7 9. Be3 Nbd7 10. c4 Qc6 11. Nc3 0-0 12. Qb3 a6 13. Rfd1 Qc7 14. Rac1 cxd4 15. Nxd4 Nc5 16. Qc2 Bg6 17. Qd2 Nfe4 18. Nxe4 Nxe4 19. Qe1 Rfd8 20. Nb3 a5 21. Rxd8+ Qxd8 22. Bf3 Bf6 23. Qe2 a4 24. Nc5 Nxc5 25. Bxc5 Qc7 26. Ba3 h6 27. g3 Bd4 28. c5 Qxg3+ 29. Bg2 Bd3 30. Qf3 Qxf3 31. Bxf3 Ba6 32. c6 bxc6 33. Rxc6 Bb7 34. Rd6 Bxf3 35. Rxd4 Bd5 36. Kh2 Bxa2 0-1

[Event "Naukograd Koltsovo op"]
[Site "Novosibirsk"]
[Date "2009.06.29"]
[Round "2"]
[White "Yakimov, S Yu"]
[Black "Severinov, Alexander"]
[Result "1-0"]
[WhiteElo "2207"]
[BlackElo "1831"]
[PlyCount "81"]
[EventDate "2009.06.28"]
[EventType "swiss"]
[EventRounds "9"]
[EventCountry "RUS"]
[SourceTitle "EXT 2021"]
[Source "ChessBase"]
[SourceDate "2020.10.23"]
[SourceVersion "1"]
[SourceVersionDate "2020.10.23"]
[SourceQuality "1"]

1. d4 Nf6 2. Nf3 g6 3. Nc3 d5 4. Bf4 Bg7 5. Qd2 0-0 6. Bh6 Nbd7 7. Bxg7 Kxg7 8. e3 Nb6 9. Ne5 Nfd7 10. Nxd7 Bxd7 11. Be2 c6 12. 0-0 Qc7 13. Rad1 e5 14. e4 Be6 15. dxe5 Qxe5 16. f4 Qf6 17. f5 Bd7 18. fxg6 Qxg6 19. Rf3 Kh8 20. exd5 Nxd5 21. Nxd5 cxd5 22. Qd4+ Qg7 23. Qxg7+ Kxg7 24. Rxd5 Be6 25. Rg5+ Kh8 26. b3 Rg8 27. Rfg3 Rxg5 28. Rxg5 Rc8 29. Bd3 h6 30. Rg3 Rc5 31. c4 a6 32. Kf2 b5 33. b4 Rc7 34. cxb5 axb5 35. Bxb5 Bxa2 36. Be2 Rb7 37. b5 Be6 38. Ke1 Bd7 39. Rb3 Kg8 40. b6 Kf8 41. Bf3 1-0

[Event "Naukograd Koltsovo op"]
[Site "Novosibirsk"]
[Date "2009.06.28"]
[Round "1"]
[White "Severinov, Alexander"]
[Black "Tsepennikova, Tatyana"]
[Result "1-0"]
[WhiteElo "1831"]
[BlackElo "2128"]
[PlyCount "78"]
[EventDate "2009.06.28"]
[EventType "swiss"]
[EventRounds "9"]
[EventCountry "RUS"]
[SourceTitle "EXT 2021"]
[Source "ChessBase"]
[SourceDate "2020.10.23"]
[SourceVersion "1"]
[SourceVersionDate "2020.10.23"]
[SourceQuality "1"]

1. d4 Nf6 2. c4 g6 3. Nc3 Bg7 4. Nf3 0-0 5. e4 d6 6. Be2 e5 7. d5 Nh5 8. Bg5 f6 9. Bh4 Nf4 10. 0-0 Nxe2+ 11. Qxe2 g5 12. Bg3 f5 13. exf5 Bxf5 14. Ne4 Bg4 15. Ned2 Nd7 16. Qe3 h6 17. h4 gxh4 18. Bxh4 Qe8 19. Nh2 Bf5 20. g4 Bh7 21. Ne4 Qg6 22. f3 Nf6 23. Rae1 Rf7 24. Rf2 Nh5 25. Nf1 Nf4 26. Kh2 h5 27. g5 Qf5 28. Bg3 Ng6 29. Kg1 Raf8 30. Nfd2 Qh3 31. Rh2 Qf5 32. Rxh5 Nf4 33. Rh2 b6 34. Rf1 Re8 35. Bxf4 Qxf4 36. Qf2 Bg6 37. Rh4 Qf5 38. Qg3 Kf8 39. Rf2 c6 1-0

[Event "Koltsovo Naukograd op"]
[Site "Koltsovo"]
[Date "2008.07.03"]
[Round "6"]
[White "Narchuk, Margarita"]
[Black "Severinov, Alexander"]
[Result "0-1"]
[WhiteElo "1719"]
[BlackElo "1838"]
[PlyCount "64"]
[EventDate "2008.06.28"]
[EventType "swiss"]
[EventRounds "9"]
[EventCountry "RUS"]
[SourceTitle "EXT 2022"]
[Source "ChessBase"]
[SourceDate "2021.10.06"]
[SourceVersion "1"]
[SourceVersionDate "2021.10.06"]
[SourceQuality "1"]

1. d4 Nf6 2. c4 g6 3. Nc3 d5 4. cxd5 Nxd5 5. e4 Nxc3 6. bxc3 Bg7 7. Bc4 c5 8. Ne2 0-0 9. 0-0 Nc6 10. Be3 Qc7 11. Qc2 Na5 12. Bb3 c4 13. Ba4 a6 14. Qd2 b5 15. Bc2 Bb7 16. Bh6 Rad8 17. Bxg7 Kxg7 18. Qg5 f6 19. Qh4 e5 20. f4 exd4 21. Nxd4 Bc8 22. Rf3 Nc6 23. Nf5+ gxf5 24. Rg3+ Kh8 25. Rg6 Qf7 26. exf5 Ne7 27. Rh6 Nxf5 28. Bxf5 Bxf5 29. g4 Qa7+ 30. Kg2 Rd2+ 31. Kf1 Bd3+ 32. Ke1 Qe3# 0-1

[Event "Koltsovo Naukograd op"]
[Site "Koltsovo"]
[Date "2008.07.01"]
[Round "4"]
[White "Chesnokov, Gennady"]
[Black "Severinov, Alexander"]
[Result "1-0"]
[WhiteElo "1992"]
[BlackElo "1838"]
[PlyCount "77"]
[EventDate "2008.06.28"]
[EventType "swiss"]
[EventRounds "9"]
[EventCountry "RUS"]
[SourceTitle "EXT 2022"]
[Source "ChessBase"]
[SourceDate "2021.10.06"]
[SourceVersion "1"]
[SourceVersionDate "2021.10.06"]
[SourceQuality "1"]

1. e4 c5 2. f4 d6 3. Nf3 Nc6 4. Bb5 Nf6 5. Bxc6+ bxc6 6. d3 e6 7. 0-0 Be7 8. c4 0-0 9. Nc3 d5 10. e5 Nd7 11. Qe2 Qc7 12. b3 a5 13. Ba3 Re8 14. Na4 Ba6 15. Qe3 Qa7 16. Rfe1 Bb5 17. Nb2 Ba6 18. Qf2 Qc7 19. Kh1 f6 20. Na4 fxe5 21. fxe5 d4 22. Qg3 Bb5 23. Nb2 Ba6 24. Re4 Nb6 25. Rg4 Bf8 26. Ng5 h6 27. Ne4 Nd7 28. Na4 Qxe5 29. Qxe5 Nxe5 30. Rg3 Kh7 31. Bxc5 Bxc5 32. Naxc5 Bc8 33. Rf1 Re7 34. Kg1 Nd7 35. Rgf3 Nxc5 36. Nxc5 Kg6 37. Rf8 Bb7 38. Rxa8 Bxa8 39. Rf8 1-0

[Event "Koltsovo Naukograd op"]
[Site "Koltsovo"]
[Date "2008.06.29"]
[Round "2"]
[White "Parkhomenko, Alexander"]
[Black "Severinov, Alexander"]
[Result "1-0"]
[WhiteElo "1964"]
[BlackElo "1838"]
[PlyCount "65"]
[EventDate "2008.06.28"]
[EventType "swiss"]
[EventRounds "9"]
[EventCountry "RUS"]
[SourceTitle "EXT 2022"]
[Source "ChessBase"]
[SourceDate "2021.10.06"]
[SourceVersion "1"]
[SourceVersionDate "2021.10.06"]
[SourceQuality "1"]

1. e4 c5 2. c3 d5 3. exd5 Qxd5 4. d4 Nf6 5. Nf3 Bg4 6. Nbd2 e6 7. Qa4+ Nbd7 8. Bc4 Qc6 9. Bb5 Qc8 10. Ne5 a6 11. Bxd7+ Nxd7 12. Nxg4 b5 13. Qd1 cxd4 14. cxd4 Be7 15. 0-0 0-0 16. Nf3 Nb6 17. Bf4 Nd5 18. Rc1 Qb7 19. Bd2 Rac8 20. Qe2 b4 21. b3 Nc3 22. Bxc3 bxc3 23. Nge5 Bb4 24. Nc4 Qb5 25. Qe5 Rb8 26. Rc2 Rfc8 27. Rfc1 Rc6 28. a3 f6 29. Qxb5 axb5 30. axb4 bxc4 31. Rxc3 Rxb4 32. Rxc4 Rcxc4 33. bxc4 1-0